000 00491nam a2200181Ia 4500
005 20250326141841.0
008 250326s9999 xx 000 0 und d
037 _aTextbook
040 _aFMSL
_beng
_cFMSL
041 _aeng
_2eng
084 _qFMSL
100 _aRao R V
_9130788
245 0 _aSmall Industries and the developing economy in India
_cRao R V
260 _aNew Delhi
_bNew Delhi, Concept pub. co.
_c1984
300 _a210p
942 _cTB
999 _c1292274
_d1292274